000 00497nam a2200181Ia 4500
005 20250508161349.0
008 008 250505s9999 xx 000 0 eng d
037 _aTextual
040 _aFEDL
_beng
_cFEDL
041 _aeng
_2eng
084 _a371.42, ROT
_qFEDL
100 _aRothney John W M
245 0 _aCounseling the individual student
260 _aNew York, USA
_bThe Dryden Press
_c1949
300 _a364p.
942 _cTEXL
_h371.42, ROT
999 _c1369709
_d1369709